Undercurrents : Episodes from a life on the edge

Guardat en:
Dades bibliogràfiques
Autor principal: Shintaro Ishihara
Format: Llibre
Idioma:Undetermined
Publicat: Tokyo Kodansha international Ltd 2005
Matèries:
Etiquetes: Afegir etiqueta
Sense etiquetes, Sigues el primer a etiquetar aquest registre!
Thư viện lưu trữ: Trung tâm Học liệu Trường Đại học Cần Thơ
LEADER 00639nam a2200217Ia 4500
001 CTU_138142
008 210402s9999 xx 000 0 und d
020 |c 15.84 
082 |a 895.635 
082 |b S555 
100 |a Shintaro Ishihara 
245 0 |a Undercurrents : 
245 0 |b Episodes from a life on the edge 
245 0 |c Shintaro ishihara; translated by wayne P. lammers 
260 |a Tokyo 
260 |b Kodansha international Ltd 
260 |c 2005 
650 |a Chính trị,Political 
650 |x Tiểu sử,Biography 
904 |i Hướng Dương 
980 |a Trung tâm Học liệu Trường Đại học Cần Thơ